banner koha

Comparacao entre os caldos de enriquecimento "Treyptic soy" com 10 por cento de cloreto de sodio e giolitti - cantoni usados na determinacao de estafilococos coagulase positiva em alimentos (Registro n. 156626)

MARC details
000 -LÍDER
campo de controle de tamanho fixo 00995nas a2200301 4500
001 - NÚMERO DE CONTROLE
campo de controle BR9704636
003 - IDENTIFICADOR DO NÚMERO DE CONTROLE
campo de controle BR-BrBNA
005 - DATA E HORÁRIO DA ÚLTIMA TRANSAÇÃO
campo de controle 20231205100540.0
007 - CAMPO FIXO DE DESCRIÇÃO FÍSICA--INFORMAÇÃO GERAL
campo de controle de tamanho fixo ta
008 - CAMPO DE DADOS FIXOS--INFORMAÇÃO GERAL
campo de controle de tamanho fixo 230509b bl.|||p| |||| 00| 00por d
040 ## - FONTE DA CATALOGAÇÃO
Instituição da catalogação original BR-BrBNA
Idioma da catalogação por
Instituição que transcreveu o registro Biblioteca Nacional de Agricultura
041 ## - CÓDIGO DE IDIOMA
Código do idioma do texto/trilha sonora ou título diferente (Pt)
072 ## - CÓDIGO DE CATEGORIA DE ASSUNTO
Código de Categoria de Assunto Q03
100 1# - ENTRADA PRINCIPAL--NOME PESSOAL
Nome pessoal Peresi, J.T.M.
100 1# - ENTRADA PRINCIPAL--NOME PESSOAL
Nome pessoal Kaku, M.
100 1# - ENTRADA PRINCIPAL--NOME PESSOAL
Nome pessoal Gelli, D.S.
100 1# - ENTRADA PRINCIPAL--NOME PESSOAL
Nome pessoal Lima, S.I. de
100 1# - ENTRADA PRINCIPAL--NOME PESSOAL
Nome pessoal Duarte, V.L.S.
245 1# - TÍTULO
Título Comparacao entre os caldos de enriquecimento "Treyptic soy" com 10 por cento de cloreto de sodio e giolitti - cantoni usados na determinacao de estafilococos coagulase positiva em alimentos
650 ## - ASSUNTO--TERMO TÓPICO
Cabeçalho tópico ou nome geográfico Alimento
650 ## - ASSUNTO--TERMO TÓPICO
Cabeçalho tópico ou nome geográfico Microrganismo
650 ## - ASSUNTO--TERMO TÓPICO
Cabeçalho tópico ou nome geográfico Analise de Alimento
650 ## - ASSUNTO--TERMO TÓPICO
Cabeçalho tópico ou nome geográfico Cloreto
650 ## - ASSUNTO--TERMO TÓPICO
Cabeçalho tópico ou nome geográfico Contaminacao Bacteriana
773 0# - ENTRADA ANALÍTICA
Título Revista do Instituto Adolfo Lutz (Brazil)
ISSN - International Standard Serial Number ISSN 0073-9855
Partes relacionadas (1996), v. 56(1) p. 83-86
Número de controle do registro BR9704636
909 ## -
-- 202311
-- Lúcia
-- 55
-- Lúcia Elande
942 ## - ELEMENTOS DE ENTRADA ADICIONADOS (KOHA)
Fonte da classificação ou esquema de arquivamento na estante Classificação AGRIS
Ocultar no OPAC Não
Tipo de material Koha Analítica
Exemplares
Situação do descarte Fonte da classificação ou esquema de arquivamento na estante Situação física Não pode ser emprestado Biblioteca de origem Biblioteca atual Localização na estante Enumeração do periódico / cronologia Total de empréstimos Data de último acesso Número do exemplar Tipo de material Koha Fonte de aquisição
  Classificação AGRIS   Consulta local Biblioteca Nacional de Agricultura - Binagri Biblioteca Nacional de Agricultura - Binagri   (1996), v. 56(1) p. 83-86   29/11/2023 01 Periódicos Portaria Interministerial nº 164/94

BINAGRI

Telefone: (61)3218-2567/2388/3357/2097 - binagri@agro.gov.br

Ministério da Agricultura e Pecuária , Esplanada dos Ministérios, Bloco D, Anexo B, Brasília/DF, CEP: 70.043-900